Największe PKB w Europie - Statystyki

Ogólne statystyki
  • Ten quiz został rozwiązany 197 razy
  • Średni wynik to 10 z 10
Statystyki odpowiedzi
PKB Kraj % Poprawnych
2 778 000 000 000 000 000 000 USD Francja
99%
1 419 000 000 000 000 000 000 USD Hiszpania
99%
3 948 000 000 000 000 000 000 USD Niemcy
99%
585 700 000 000 USD Polska
98%
1 658 000 000 000 000 000 000 USD Rosja
98%
2 855 000 000 000 000 000 000 USD Wielka Brytania
97%
2 084 000 000 000 000 000 000 USD Włochy
97%
556 100 000 000 USD Szwecja
94%
913 700 000 000 USD Holandia
87%
705 100 000 000 USD Szwajcaria
87%
Nie znaleziono quizów pasujących do podanych kryteriów
Rozkład punktacji
Procent ludzi z każdym wynikiem
Percentyl według liczby udzielonych odpowiedzi
Twoja historia wyników
Nie rozwiązałeś tego quizu